|
|
|
|
| LEADER |
00000nam0a2200000 4500 |
| 001 |
347502 |
| 005 |
20231102010015.0 |
| 035 |
|
|
|a (RuTPU)RU\TPU\book\379417
|
| 090 |
|
|
|a 347502
|
| 100 |
|
|
|a 20220419d2022 k y0rusy50 ca
|
| 101 |
0 |
|
|a rus
|
| 102 |
|
|
|a RU
|
| 105 |
|
|
|a a dm 001zy
|
| 200 |
1 |
|
|a Фотолюминесценция композитов на основе полиметилметакрилата и наноразмерных частиц легированных сульфидов цинка и кадмия
|e автореферат диссертации на соискание ученой степени кандидата химических наук
|e спец. 02.00.04
|f А. А. Исаева
|g Алтайский государственный университет ; науч. рук. В. П. Смагин
|
| 210 |
|
|
|a Томск
|c [Б. и.]
|d 2022
|
| 215 |
|
|
|a 28 с.
|c ил.
|
| 300 |
|
|
|a Защита сост. 28.04.2022 г.
|
| 320 |
|
|
|a Библиогр.: с. 22-28 (33 назв.)
|
| 606 |
1 |
|
|a Метилметакрилат
|x Синтез
|2 stltpush
|3 (RuTPU)RU\TPU\subj\43473
|9 62972
|
| 610 |
1 |
|
|a акриловые полимеры
|
| 610 |
1 |
|
|a свойства
|
| 610 |
1 |
|
|a структура
|
| 610 |
1 |
|
|a исходные вещества
|
| 610 |
1 |
|
|a идентификация
|
| 610 |
1 |
|
|a сульфид цинка
|
| 610 |
1 |
|
|a сульфид кадмия
|
| 610 |
1 |
|
|a наноразмерные частицы
|
| 610 |
1 |
|
|a спектры поглощения
|
| 610 |
1 |
|
|a фотолюминесцентные свойства
|
| 610 |
1 |
|
|a спектрально-люминесцентные свойства
|
| 610 |
1 |
|
|a авторефераты диссертаций
|
| 675 |
|
|
|a 678.744.335(04)
|v 4
|
| 686 |
|
|
|a 02.00.04
|2 oksvnk
|
| 700 |
|
1 |
|a Исаева
|b А. А.
|g Анастасия Александровна
|
| 702 |
|
1 |
|a Смагин
|b В. П.
|g Владимир Петрович
|4 727
|
| 712 |
0 |
2 |
|a Алтайский государственный университет
|c (Барнаул)
|2 stltpush
|3 (RuTPU)RU\TPU\col\21
|9 23133
|
| 801 |
|
1 |
|a RU
|b 63413507
|c 20220419
|
| 801 |
|
2 |
|a RU
|b 63413507
|c 20220602
|g RCR
|
| 942 |
|
|
|c BK
|